000 01053nam a22003017a 4500
001 4746
003 FISKH
005 20240927104639.0
008 240927b cb ||||| |||| 00| 0 eng d
020 _a9781407142654
040 _aFISKH
_beng
_cFISKH
_dFISKH
050 _aQ180.2
082 _a612.3
100 _aArnold, Nick
_eauthor
245 _aDisgusting Digestion /
_cby Nick Arnold and Tony De Saulles
250 _aFirst published in 1998
260 _aLondon :
_bEuston House ;
_c1998 .
300 _a206 pages :
_billustrations ;
_c20 cm .
490 _a Horrible Science
505 _aU
520 _aThis is one in an award-winning series of books that reveal revolting scientific facts. Among the facts revealed here are - how much pee one's bladder can hold without popping and why astronauts can't eat beans before a space flight.
521 8 _a860
_bLexile
521 8 _aU
_bRaz-Plus
650 _aanatomy
_vnon-fiction
700 _aSaulles, Tony De
_eillustrator
942 _2ddc
_cBK
_n0
999 _c4746
_d4746